1372 1583 1948 1333 1055 1218 1345 1940 1404 1150 1646 1805 1311 1659 1737 1566 1296 1944 1675 1700 1023 1683 1011 1368 1469 1462 1302 1153 1881 1210 1675 1726 1924 1215 1947 1329 1833 1338 1634 1259 1225 1219 1989 1140 1185 1487 1125 1831 1883 1649 1961 1800 1990 1638 1844 1727 1619 1596 1318 1478 1086 1363 1177 1261 1239 1890 1888 1993 1827 1500 1527 1740 1172 1754 1072 1995 1196 1370 1552 1434 1541 1991 1012 1304 1614 1510 1031 1287 1585 1695 1273 1816 1046 1844 1817 1389 1601 1786 1363 BCNSPRNW ULIB Ver.6.0+V

เปลี่ยนเป็นภาษาไทย

Change to English
 แสดงรายละเอียดบรรณานุกรม
  กลับหน้าหลัก

Brief Record : Get Marc (ISO 2709) : E-mail record : QR code < ปิดหน้าต่าง
LEADER : 00000nam 2200000uu 4500
001    13399109400
003     ULIB
008    110401s2551||||th 000 0 tha d
020    9789744820631
060 04 WB100^bว582ค 2551
245 00 ความรู้บูรณาการสำหรับอายุรแพทย์ /^cบรรณาธิการ, วิทยา ศรีดามา
250    พิมพ์ครั้งที่ 1
260    กรุงเทพฯ :^bราชวิทยาลัยอายุรแพทย์แห่งประเทศไทย,^c2551
300    266 หน้า :^bภาพประกอบ ;^c27 ซม.
440  0 โครงการตำราราชวิทยาลัยอายุรแพทย์ ;^vฉบับที่ 1
650  7 อายุรแพทย์^vคู่มือ
700 0  วิทยา ศรีดามา,^eบรรณาธิการ
710 2  ราชวิทยาลัยอายุรแพทย์แห่งประเทศไทย
945    ^p250^l0^i023879
945    ^p250^l0^i023880
995    ทศพร
999 ^a ใช้งานได้ทุกระบบ
รายการนี้ยังไม่มีแท็ก
คุณยังไม่ได้ล็อกอิน คุณสามารถมีกิจกรรมร่วมกับเว็บไซต์ได้ แต่ต้องล็อกอินก่อน ::
  ล็อกอิน

รายการสื่อสารสนเทศ

ลำดับที่ ประเภท เลขเรียก/บาร์โค้ด สถานที่ สถานะ
- ไม่พบข้อมูล -

BibComment


ยังไม่เคยถูกคอมเมนท์

คอมเมนท์ทรัพยากรรายการนี้
  คอมเมนท์: ความรู้บูรณาการสำ..


 Copyright 2026. Bcnsprnw @Library